000
00295nam a22001337a 4500
003
SGT
020
_a
978-81-85457-74-3
082
_a
616.024
_b
G96K
100
_a
KRASNER, NEVILLE
245
_a
GASTROINTESTINAL BLEEDING
260
_a
LONDON
_b
BMJ PUB
_c
1996
300
_a
352
942
_2
ddc
_c
BK
999
_c
18220
_d
18220